00851nam a2200265 i 450000500170000000800410001702000180005804000350007610000390011124500540015025000220020426400280022630000250025433600270027933700330030633800280033949000340036750000320040165000350043365000390046865000370050794200150054408400110055999900150057020220317000940.0160801s2008 sp gs 000 0 spa d a9788420467085 aCO-BoRNBPbspacCO-BoRNBPerda1 aVargas Llosa, Mario,d1936-eautor10aConversación en la catedralcMario Vargas Llosa aSegunda edición 1aMadridbAlfaguarac2008 a734 páginasc22 cm atextobtxt2rdacontent asin mediaciónbn2rdamedia avolumenbnc2rdacarrier aBiblioteca Mario Vargas Llosa aIncluye datos biográficos14aNovela peruanaySiglo XX2LEMB14aLiteratura peruanaySiglo XX2LEMB14aNovela histórica peruana2LEMB 2loccBKLIT aN VAR1 c5492d5492